[Event "Bundesliga 1314"]
[Site "Germany"]
[Date "2013.11.24"]
[Round "4.3"]
[White "Edouard, Romain"]
[Black "Mista, Aleksander"]
[Result "1-0"]
[WhiteElo "2653"]
[BlackElo "2582"]
[Annotator "Meyer,CD"]
[PlyCount "117"]
[EventDate "2013.10.12"]
[EventType "team-tourn"]
[EventRounds "15"]
[EventCountry "GER"]
[SourceTitle "CBM 158"]
[Source "ChessBase"]
[SourceDate "2014.01.16"]
[SourceVersion "1"]
[SourceVersionDate "2014.01.16"]
[SourceQuality "1"]
[WhiteTeam "Werder Bremen"]
[BlackTeam "Berlin SF"]
[WhiteTeamCountry "GER"]
[BlackTeamCountry "GER"]

1. d4 Nf6 2. c4 g6 3. g3 c5 4. Nf3 cxd4 5. Nxd4 Bg7 6. Bg2 O-O 7. Nc3 Nc6 8.
O-O Nxd4 9. Qxd4 d6 10. Qd3 {Die weitaus häufigste und beliebteste Fortsetzung
in dieser wohlbekannten Stellung, eine Art Tabyia, die über diverse Zugfolgen,
beispielsweise auch via 1.c4 c5 2.Nc3 Nc6 3.g3 g6 4.Lg2 Lg7 5.Sf3 Sf6 6.0-0
0-0 7.d4 cxd4 8.Sxd4 Sxd4 9.Dxd4 d6, (Englisch, Beiderseitiges
Königsfianchetto mit 1...c5, A39) erreicht wird.} a6 {Der meist gewählte Zug,
um ggf. das weiße Zentrum mittels ...b5 attackieren zu können.} 11. Bg5 $5 {
Der Textzug ist zwar bei weitem nicht so populär wie die altbewährten 11.Ld2/
Le3/Tfd1, aber gemäß ChessBase-Statistik (Megabase etc.) mindestens ebenso
erfolgversprechend.} Rb8 {Um den Damenläufer zu entwickeln, aber dies kann
auch sofort geschehen, z.B.} (11... Bf5 12. Qd2 Rb8 13. Rac1 Re8 14. Rfd1 Qa5
15. b3 Kf8 16. Bf4 Nd7 17. Bh6 Nf6 18. Be3 Bd7 19. c5 dxc5 20. Ne4 Qxd2 21.
Rxd2 Nxe4 22. Bxe4 Bh3 23. Rxc5 $14 {remis/96, Roiz,M (2659) - Macieja,B (2617)
, Maalot-Tarshiha 2008}) 12. a4 $5 {Gebräuchlichere Alternativen:} ({I} 12.
Rac1 Be6 (12... Bf5 13. e4 Be6 14. b3 h6 15. Bd2 Kh7 16. Rfd1 Ng4 17. h3 Ne5
18. Qe2 Nc6 19. Be3 Qd7 20. Kh2 Rfc8 21. Nd5 (21. c5) 21... Bxd5 $2 (21... Re8)
22. exd5 Nd8 23. Bb6 $16 f5 24. c5 dxc5 25. Bxc5 Bf6 26. d6 $1 e6 27. Bb6 $18 {
1:0/73 Gelfand,B (2729) - Carlsen,M (2675), Rishon Le Ziyyon 2006}) 13. b3 Qa5
14. Qd2 Rfc8 15. Be3 Bd7 16. Rfd1 Bc6 17. Ba7 Ra8 18. Bd4 Qh5 19. h3 b5 20. Qd3
bxc4 21. bxc4 Qf5 22. Qxf5 gxf5 23. Bxf6 Bxf6 24. Nd5 Bxd5 25. Rxd5 Rab8 26.
Rxf5 Rb2 27. a4 Rxe2 28. Bb7 Rc5 29. Rxc5 dxc5 30. Bxa6 Bd4 31. Rf1 Ra2 32. Bb5
Kg7 33. Kg2 {remis, Dmitriev,V (2305) - Evans,G (2355), ICCF email 2012}) ({II
} 12. Rfd1 Be6 13. c5 dxc5 14. Qxd8 Rfxd8 15. Bf4 Rxd1+ 16. Rxd1 Rc8 $2 (16...
Re8 $5 17. Bxb7 Ng4) 17. Bxb7 Nh5 18. Be3 Rb8 19. Bxa6 Bd4 20. Bxd4 cxd4 21.
Rxd4 Rxb2 22. Bc4 Rb4 23. Rd8+ Kg7 24. Bxe6 fxe6 25. f3 $16 {1:0/48, Skembris,
S (2446) - Lettieri,G (2202), Verona 2005}) ({III} 12. c5 h6 (12... Qa5 13.
Bxf6 Bxf6 14. cxd6 exd6 15. Nd5 (15. Qxd6 Be6 $44) 15... Be5 16. a4 Qd8 17. Qd2
a5 18. Rac1 Bd7 19. b3 b5 20. Rc7 bxa4 21. bxa4 Rb2 22. Qxa5 Ra2 23. e3 Rxa4
24. Qd2 Be6 25. Rb7 Qa5 {remis, Dzindzichashvili,R (2540) - Sagalchik,G (2545),
New York 1994}) 13. Bxf6 Bxf6 14. Rfd1 Bf5 15. Qe3 Bg7 16. cxd6 exd6 17. Qd2
Qa5 18. Nd5 Qxd2 19. Rxd2 Rfe8 20. Rc1 b5 21. b3 Rbc8 22. Rxc8 Bxc8 23. Bf3 Kf8
24. Kg2 $14 {remis/30, Wang Hao (2684) - Ni Hua (2704), Beijing 2008}) 12...
Be6 13. b3 Qa5 $146 {Womöglich eine Neuerung in dieser relativ selten
gespielten Variante.} ({Besser gefällt mir jedenfalls} 13... Nd7 $142 {, z.B.}
14. Rab1 Re8 15. Rfc1 Nc5 16. Qc2 Rc8 (16... a5 $142 $11) 17. Bd2 (17. b4 Nd7
18. Nd5 Nf6 19. Bxf6 Bxf6 20. Nxf6+ exf6 21. Bxb7 Rxc4 22. Qb2 Qb6 $11) (17. a5
$142 $1 $14) 17... Bf5 (17... a5 $142) 18. e4 Bd7 19. a5 $14 {remis/53,
Akobian,V (2442) - Peters,J (2462), Los Angeles 2001}) 14. Qd2 ({Und hier
verdiente} 14. Nd5 $142 $5 {den Vorzug:} Bxd5 (14... Nxd5 $2 15. cxd5 Bxa1 16.
Rxa1 Bd7 17. Bxe7 Rfe8 18. Bf6 $1 $40 {+/-}) 15. cxd5 Rfc8 16. Rac1 Qd8 17. Bh3
$14) 14... Rfd8 (14... Rfe8 $142 $13 {/=}) 15. Rfd1 $5 ({I Natürlicher mag auf
den ersten Blick} 15. Rad1 {erscheinen, doch nach} Kf8 (15... Qb4) (15... Ng4
$143 16. Nd5 Qxd2 17. Rxd2 Bxd5 18. Rxd5 Nf6 19. Rd3 $14) 16. Rb1 (16. Nd5 Qxd2
17. Rxd2 Nxd5 18. Bxd5 Bxd5 19. Rxd5 $11) 16... Qb4 17. Rfd1 Re8 {sind die
Chancen etwa gleich.}) ({II} 15. Rab1 h6 16. Bf4 Re8 $13) 15... Ng4 16. Rac1
Qb6 17. Ne4 $1 {Allein diese kreative Fortsetzung rechtfertigt die weiße
Aufstellung.} f6 {Oder z.B.:} ({I} 17... f5 18. a5 (18. h3 fxe4 19. hxg4) 18...
Qxb3 19. Nc3 {/\Nd5+/=}) ({II} 17... Qxb3 $2 18. Bxe7 $16) ({III} 17... Rd7 18.
h3 Nf6 19. Bxf6 exf6 20. Rb1 $14) 18. Bf4 Qxb3 $6 (18... g5 $142 19. h3 gxf4 (
19... Qxb3 20. hxg4 gxf4 21. Qxf4 Rbc8 (21... Qxa4 $2 22. c5 $1) 22. Nd2 Qxa4
23. Bxb7 $14) (19... Ne5 $143 20. Bxe5 dxe5 21. Qc2 $16) 20. hxg4 fxg3 21. Nxg3
Bxg4 22. Qf4 $14) 19. h3 ({Dagegen wäre der in diesem Stellungstyp oft
anzutreffende Hebel} 19. c5 $142 $1 {nachhaltig gewesen, z.B.} Qa2 {mag nach
der Abwicklung} (19... g5 20. cxd6 exd6 (20... gxf4 21. Nc5) 21. Bxd6 $16) (
19... Bf7 20. cxd6 g5 21. dxe7 $1 (21. Rb1 Qa3 22. Qc1 $1 Qxc1 23. Bxc1 exd6
24. Ba3 $16) 21... Rxd2 22. Nxd2 Qxd1+ (22... Qb4 23. Bxb8 Qxe7 (23... h5 24.
Rc8+ Kh7 25. Be4+ Kh6 26. Nc4 Qxe7 27. Nd6 Bg6 28. Re8 $18 Qd7 29. Nf5+) 24.
Rc8+ Bf8 25. Ne4 $18) 23. Rxd1 gxf4 24. Nc4 Re8 25. Rd8 Bf8 26. Rxe8 Bxe8 27.
exf8=Q+ Kxf8 28. Bxb7 $16) (19... Ne5 20. cxd6 exd6 21. a5 $1 Qa2 (21... g5 22.
Rb1 Qa2 23. Rb2 Qa4 24. Bxe5 dxe5 25. Qxd8+ Rxd8 26. Rxd8+ Kf7 27. Rxb7+ Kg6
28. h3 $1 Qxa5 29. Rd6 Bf5 (29... Bc8 30. Rbb6 $18) 30. g4 Bc8 31. Rbb6 $18) (
21... Nc4 22. Qe1 {/\ Bxd6+/- oder Nxd6+/-}) 22. Rc2 Qb3 23. Bxe5 fxe5 24. Rdc1
{/\Rc7+/-}) 20. cxd6 Qxd2 21. Rxd2 exd6 22. Rxd6 Rxd6 23. Bxd6 $16 {zähen
Widerstand leisten, etwa nach dem weiteren} Rc8 24. Bc7 $1 Bh6 $1 (24... b5 25.
axb5 axb5 26. Nd6 Rf8 27. Nxb5 f5 $16) 25. Rc2 Bb3 26. Rc3 f5 27. Nd6 Bd2 28.
Rxb3 Rxc7 29. Bd5+ (29. Bxb7 a5) 29... Kf8 30. Rxb7 Rxb7 31. Bxb7 a5 32. Nc4
Bc3 {, indes kann Weiß hier jeweils mit einem gesunden Mehrbauern risikolos
auf Sieg spielen.}) 19... Ne5 20. Bxe5 $6 {Transformiert zu einem schwer zu
behandelnden Endspiel mit 2 Türmen plus 2 Leichtfiguren (Läufer + Springer)
versus Dame plus 2 Leichfiguren (Läuferpaar), in dem die Chancen etwa gleich
sind.} ({Nach näherer Prüfung wäre allerdings auch hier die Erhöhung der
Spannung mittels} 20. c5 $142 $1 {besser für Weiß gewesen, z.B.} Nc4 (20... g5
21. Bxe5 dxe5 22. Qxd8+ Rxd8 23. Rxd8+ Kf7 24. Rb8 $1 {- /\Rxb7 -} Qb2 25. Rf1
Qxe2 26. Rxb7 $14) 21. Qe1 Bf7 (21... Rbc8 22. cxd6 exd6 23. Bxd6 Nxd6 24. Rxd6
Rxd6 25. Rxc8+ Bxc8 26. Nxd6 Be6 27. Nxb7 $14) (21... b6 22. cxd6 exd6 23. a5
$1 bxa5 24. Bxd6 Nxd6 25. Nc5 Qb4 26. Qxb4 Rxb4 27. Nxe6 $14) 22. cxd6 e5 23.
Bd2 b6 (23... Qxa4 24. Nc5 Qb5 25. Nxb7 Rxb7 26. Rb1 Qxb1 27. Rxb1 Rxb1 28.
Qxb1 Bf8 (28... Nxd2 $2 29. Qb6 Rf8 30. d7 $18) 29. Bb4 Bxd6 (29... Rb8 $2 30.
d7 a5 31. Qd3 $18) 30. Bxd6 Rxd6 $14) 24. a5 $1 Nxd6 25. Be3 Nxe4 26. Rxd8+
Rxd8 27. Bxb6 Rd6 28. Bxe4 {/\Bd3+/=}) 20... dxe5 ({Freilich nicht} 20... fxe5
$4 {wegen} 21. Ng5 $1 $18 Bf7 22. Bd5 e6 23. Bxe6 Bxe6 24. Nxe6 Rd7 (24... Re8
25. Qxd6) 25. Nc5) 21. Qxd8+ Rxd8 22. Rxd8+ Kf7 23. Rdd1 $13 {Wonach die Chose
wieder höchst kompliziert und unklar ist.} Bh6 24. e3 (24. Rb1 Qc2 25. e3 Bc8
$13) 24... Bc8 25. Nc5 Qb6 $6 (25... Qb4 $142 26. Nxb7 f5 $13 {/=} 27. Rb1 Qxa4
28. Rd8 Be6 29. c5 Qc2 30. Rdd1 Bc8 31. Bd5+ Kg7 32. c6 f4 (32... e4)) 26. Nxb7
e4 (26... Bxe3 27. fxe3 Qxe3+ (27... Bxb7 $4 28. c5 Qc7 29. Bxb7 Qxb7 30. c6)
28. Kh2 f5 $14) 27. Nd8+ Kg7 $1 (27... Kg8 $143 28. c5 Qc7 29. Kh2 (29. Bxe4 $4
Bxe3) 29... f5 30. Rb1 $16) 28. c5 {Nun bedarf der freie c-Bauer schon
größerer Beachtung, überdies muss Schwarz seine Bauernmajorität am
Königsflügel mobilisieren und dort energisch Gegenchancen schaffen.} Qc7 29.
Rc3 ({Überdeckt den Punkt e3. Alternativen, z.B.: I} 29. Kh2 f5 30. c6 Bxe3 $1
(30... g5 $143 31. Rb1) 31. fxe3 h5 32. a5 g5 (32... Qxa5 $4 33. c7) 33. Rb1 h4
34. Kh1 hxg3 (34... Qxg3 35. Rb7 (35. Rg1 Qe5 $13) 35... Qe5 $13) 35. Rd5 Kf6
36. Rb6 e6 37. Rd1 Qh7 38. Nb7 g4 39. h4 Qxh4+ 40. Kg1 Qh2+ 41. Kf1 Qh6 $13) ({
II} 29. c6 Bxe3 $1 30. fxe3 Qxg3 $13) 29... f5 30. c6 Bg5 $6 (30... Qa5 $142
$14) 31. h4 ({Stattdessen wäre} 31. Rb3 $142 $1 $16 {stärker gewesen: Hält e3
weiterhin gedeckt, vermeidet das Störmanöver ...Da5 und droht nun, den Druck
am Damenflügel mittels Rb7 und/oder Rd7 plus Lf1 hochzufahren. Man sehe z.B.:}
Bf6 (31... Kf6 32. h4 Bh6 33. Rd5 a5 34. Bf1 e6 35. Rb7 Bxb7 36. Rd7 Qxd8 37.
Rxd8 Bxc6 38. Bb5 $18) (31... Qe5 32. Bf1 Qc5 (32... Bf6 33. Rb7 a5 34. Rb5 Qc3
35. Rb8 f4 $1 36. gxf4 Bf5) 33. Rd7 Kf6 (33... Qe5 34. Rbb7 Kf6 35. Rxe7 Qxe7
36. Rxe7 Kxe7 37. Nb7 a5 38. Nxa5 Kd6 39. Bb5 Kc7 40. Nc4) 34. Rd4 Qe5 35. Rd1
Qa5 36. h4 Bh6 37. Rd4 Qe1 38. Rd7 g5) 32. Bf1 Qe5 33. Rb7 g5 34. Bxa6 Qa5 (
34... f4 $2 35. Rb5) 35. Bc4) 31... Bf6 32. Rc5 $2 {Bei nahender Zeitkontrolle
findet Weiß keinen geeigneten Plan und ermöglicht es dem Gegner, sich nicht
nur zu konsolidieren, sondern den Spieß gar umzudrehen und selber in großen
Vorteil zu kommen.} ({Erneut kam} 32. Rb3 $142 $1 {sehr in Betracht, z.B.} Qa5
(32... Be5 $4 33. Rb7 $1 $18) 33. Rb7 Qxa4 34. Rdd7 Bxd7 35. cxd7 e5 36. Ne6+
$16) 32... e6 $2 ({Aber Schwarz revanchiert sich und verpasst die günstige
Gelegenheit, mittels} 32... Be5 $142 $1 {die Oberhand zu gewinnen. Man sehe z.
B.:} 33. Rcd5 (33. Rc4 Bxg3 $1 34. fxg3 Qxg3 $17) 33... Bd6 $1 34. Nb7 Bxg3 $1
{die Krönung eines gekonnten Läufermanövers} 35. Rd7 (35. fxg3 Qxg3 $17) 35...
Bh2+ 36. Kh1 Qxc6 37. Rxe7+ Kh6 38. Kxh2 Qf6 39. Rdd7 Bxd7 40. Rxd7 Qc6 $1 41.
Re7 (41. Rf7 $4 Qe6 $1 42. Rf8 Qe7 $18) 41... a5 $1 42. Kg1 Qxa4 $17 43. Bf1
Qa3 $1 (43... Qb4 $2 44. Rd7 a4 45. Nd6 a3 46. Bc4 Qb1+ 47. Kg2 a2 48. Bg8 Kh5
49. Rxh7+ Kg4 50. Bxa2 Qxa2 51. Rg7 {und vermutlich =}) 44. Rc7 f4 $3 (44... a4
$2 45. Nd8 Qb2 46. Ra7 Qb8 47. Nc6 Qc8 48. Ra6 f4 (48... a3 49. Nd4) 49. Ne5
Qf5 50. Ra5 $15) 45. Nd8 (45. exf4 $2 Qf3 $1 46. Nxa5 e3 47. fxe3 Qxe3+ 48. Kg2
Qe4+ 49. Kg1 Qd4+ 50. Kg2 Qd2+ 51. Kg3 Qe1+ 52. Kg2 Qxa5 $19) 45... fxe3 46.
Be2 $5 $17 {- Hier triumphiert eine überaus agile Dame über Turm plus zwei
Leichtfiguren.}) 33. Nb7 $16 {Danach durfte Weiß sich glücklich schätzen, das
Heft wieder in der Hand zu haben. Noch einmal ließ er sich auch nicht "die
Butter vom Brot nehmen".} Be7 34. Rcc1 h6 ({Oder auch} 34... a5 35. Bf1 e5 36.
Nc5 f4 37. Nxe4 $16 {mit großem weißem Vorteil}) 35. Nc5 $5 (35. a5 $5 $16)
35... Qxc6 {In problematischer Lage beschleunigt Schwarz seinen Untergang.
Alternativen, z.B.:} ({I} 35... g5 36. hxg5 hxg5 37. Nd7 {mit trefflichen
Gewinnaussichten, z.B.} (37. Bf1 Qe5 38. Nd7) 37... a5 38. Bf1 f4 39. Kg2 fxg3
40. fxg3 Bd6 (40... Ba3 41. Rc2 Bd6 42. Nc5) 41. Nc5 Bxc5 (41... Bxg3 42. Nxe4
Bh4 (42... Be5 43. Bb5) 43. Rc5 Qb6 44. Bb5 g4 45. Rc3 Be7 46. Nd6 Bxd6 47.
Rxd6 Kf7 48. Rd4 e5 49. Rd2 Qc7 50. Rd7+ Bxd7 51. cxd7 Qb7+ 52. Kg1 Qb6 53. Rd3
$1 Qd8 54. Kg2 g3 55. Rd5 $18) 42. Rxc5 Qb6 43. Rdc1 Qb3 44. Kf2 Qxa4 45. R1c4
Qa2+ 46. Be2 Kg6 47. c7 {und ebenfalls +-. Ein denkbarer Abschluss wäre:} Qb1 (
47... Qa1 48. Rb5) 48. Rxa5 Qh1 49. Ra8 Qh2+ 50. Ke1 Qxg3+ 51. Kd2 Qd6+ 52. Kc1
Qd7 (52... Bb7 53. c8=Q Bxc8 54. Raxc8) 53. Rxc8 Qxc8 54. Rc6 {/\Ba6}) ({II} 
35... Qa5 36. Nd7 (36. Nb7 Qc7 37. a5 $16 {wie vorher}) 36... Qc7 37. Bf1 g5
38. hxg5 hxg5 39. Rc4 $16 {Weiter könnte folgen:} a5 (39... f4 $143 40. gxf4
gxf4 41. exf4 Qxf4 42. Bg2 $16) 40. Rdd4 Bb4 (40... Bd6 41. Kg2) 41. Rc2 Kf7
42. Bb5 Be7 43. Kg2 Bb4 44. Nc5 Bxc5 (44... Ke7 45. Na6 $18) 45. Rxc5 Ke7 46.
Rcc4 g4 47. Rd7+ Bxd7 48. cxd7 $18) 36. Nxe4 Qxa4 37. Nd6 $18 Bxd6 38. Rxd6 Qe8
39. Rc7+ Kf6 40. Ra7 g5 41. hxg5+ hxg5 42. Rd4 Qb5 43. Rc7 Qb1+ 44. Kh2 Qb2 ({
Oder} 44... Qe1 45. f3 Qxe3 46. Rd8 a5 47. Rdxc8 $18) 45. f4 gxf4 46. Rxf4 Qb6
47. Rxc8 Qxe3 48. Rc6 Qe2 49. Ra4 a5 50. Rd4 Kg5 51. Rdd6 Qh5+ 52. Kg1 e5 53.
Bf3 Qh7 54. Kg2 e4 55. Be2 Qg7 56. Rd8 Qh7 57. Bc4 f4 58. Rc5+ Kf6 59. Rd6+ {
- Eine beachtliche, schwierige Partie, die bis zur Neige ausgekämpft wurde.}
1-0

[Event "POL-chT 66th"]
[Site "Katowice"]
[Date "2010.09.07"]
[Round "4"]
[White "Hera, Imre Jr"]
[Black "Macieja, Bartlomiej"]
[Result "1/2-1/2"]
[WhiteElo "2586"]
[BlackElo "2649"]
[Annotator "RR"]
[PlyCount "65"]
[EventDate "2010.09.04"]
[EventType "team-tourn"]
[EventRounds "9"]
[EventCountry "POL"]
[SourceTitle "EXT 2016"]
[Source "ChessBase"]
[SourceDate "2015.10.08"]
[SourceVersion "1"]
[SourceVersionDate "2015.10.08"]
[SourceQuality "1"]
[WhiteTeam "Szkola Grudziadz"]
[BlackTeam "Wroclaw AZS WSB"]
[WhiteTeamCountry "POL"]
[BlackTeamCountry "POL"]

1. Nf3 Nf6 2. c4 c5 3. g3 g6 4. Bg2 Bg7 5. O-O O-O 6. d4 cxd4 7. Nxd4 Nc6 8.
Nc3 Nxd4 9. Qxd4 d6 10. Qd3 a6 11. Bg5 (11. Bd2 Rb8 12. Rac1) 11... Rb8 12.
Rac1 (12. a4 Be6 13. b3 Qa5 14. Qd2 Rfd8 15. Rfd1 Ng4 16. Rac1 Qb6 17. Ne4 f6
18. Bf4 Qxb3 19. h3 Ne5 20. Bxe5 dxe5 21. Qxd8+ Rxd8 22. Rxd8+ Kf7 23. Rdd1 Bh6
24. e3 Bc8 25. Nc5 Qb6 26. Nxb7 e4 27. Nd8+ Kg7 28. c5 Qc7 29. Rc3 f5 30. c6
Bg5 31. h4 Bf6 32. Rc5 e6 33. Nb7 Be7 34. Rcc1 h6 35. Nc5 Qxc6 36. Nxe4 Qxa4
37. Nd6 Bxd6 38. Rxd6 Qe8 39. Rc7+ Kf6 40. Ra7 g5 41. hxg5+ hxg5 {Edouard,R 
(2653)-Mista,A (2582) Germany 2013 1-0}) 12... Be6 (12... b5 $5 13. cxb5 axb5
14. Nxb5 Ba6 $44) 13. b3 Qa5 14. Qd2 Rfc8 15. Rc2 b5 16. cxb5 axb5 17. Rfc1 Kf8
$146 (17... Rc7 18. Ne4 Qxd2 19. Bxd2 Rxc2 20. Rxc2 Nxe4 21. Bxe4 Bd4 22. Rc7
Kf8 23. Bc6 f6 24. Kf1 Bc5 25. e3 b4 26. e4 Bc8 27. Bh6+ Kf7 28. Bf4 Be6 29.
Ke2 Rc8 30. Rxc8 Bxc8 31. Be3 Ba6+ 32. Kd2 e6 33. f4 e5 34. Bd5+ Ke7 35. h4 h6
36. Bc6 g5 37. fxg5 fxg5 38. hxg5 Bxe3+ 39. Kxe3 hxg5 40. Bd5 Bb5 41. Kd2 Kd7
42. Ke3 Bc6 43. Bc4 Kc7 44. Be6 Kb6 45. Kf3 Kc5 46. Bf5 Kd4 47. Kg4 {Gutman,L 
(2475)-Smejkal,J (2515) Germany 1987 0-1}) 18. e4 Rc7 19. Ne2 Qxd2 20. Bxd2 Ra7
21. Bc3 (21. Nf4 $5 {[%cal Gf4e6,Gf4d5]}) 21... Ng4 22. Bxg7+ Kxg7 23. Nd4 Bd7
24. Rc7 Rxc7 25. Rxc7 Nf6 26. f3 Ra8 27. Bf1 Rxa2 28. Bxb5 Bxb5 29. Nxb5 Kf8
30. Rc8+ Kg7 31. Rc7 Kf8 (31... Ng8 {[%csl Rg1]} 32. b4 Rb2 33. Rb7 Rxb4 34.
Nxd6 $1) 32. Rc8+ Kg7 33. Rc7 1/2-1/2

[Event "Budapest FS03 GM"]
[Site "Budapest"]
[Date "1993.??.??"]
[Round "1"]
[White "Farago, Sandor"]
[Black "Horvath, Jozsef"]
[Result "1/2-1/2"]
[WhiteElo "2340"]
[BlackElo "2535"]
[Annotator "Ribli,Z"]
[PlyCount "138"]
[EventDate "1993.03.??"]
[EventType "tourn"]
[EventRounds "11"]
[EventCountry "HUN"]
[EventCategory "8"]
[SourceTitle "CBM 037"]
[Source "ChessBase"]
[SourceDate "1993.12.01"]
[SourceVersion "1"]
[SourceVersionDate "1993.12.01"]
[SourceQuality "1"]

1. Nf3 Nf6 2. c4 c5 3. g3 g6 4. Bg2 Bg7 5. Nc3 O-O 6. O-O Nc6 7. d4 cxd4 8.
Nxd4 Ng4 9. e3 Nxd4 (9... d6 10. Nce2 $5 $14 {Topalov,V-Leko,P/Leon/1993/CBM36/
}) 10. exd4 Nh6 11. Qd3 $6 (11. Bd2 $5 Nf5 12. d5 d6 13. Re1 $5 a6 14. a4 Rb8
15. Bf1 Bd7 16. Ra2 $14) 11... d6 12. h3 Nf5 13. d5 a6 14. Ne4 b5 15. c5 dxc5
16. Nxc5 Qb6 17. Ne4 (17. d6 exd6 (17... Qxc5 18. Bxa8 Nxd6 $44) 18. Bxa8 dxc5
$44) 17... Bb7 18. g4 Nd4 19. Nc3 b4 20. Ne2 a5 21. Be3 Qb5 22. Qxb5 Nxb5 23.
Rab1 Rfc8 24. Rfd1 Rc2 25. Nd4 Nxd4 26. Bxd4 Bxd4 27. Rxd4 Rd8 (27... Rac8 $2
28. d6 $1 Bxg2 29. dxe7 Re8 30. Rd8 Rc8 31. Rxc8 Rxc8 32. Kxg2 $16) 28. Be4 Rc5
29. Rbd1 Kg7 30. a3 bxa3 31. bxa3 Rd6 32. Kh2 Rb6 33. d6 $1 exd6 34. Bxb7 Rxb7
35. Rxd6 Rc3 36. R6d3 Rbb3 37. Rxc3 Rxc3 38. a4 Rc4 39. Ra1 Kf6 40. Kg3 g5 41.
Ra3 Kg6 42. f3 h5 43. Ra2 h4+ 44. Kf2 Kf6 45. Ke3 Ke5 46. Ra3 Rb4 47. Rc3 $1
Rxa4 48. Rc5+ Kf6 49. Rf5+ Kg6 50. Rb5 f6 51. Rc5 Ra1 52. Rc7 Rb1 53. Ra7 Rb5
54. Kd3 Rb3+ 55. Ke2 Ra3 56. Kf2 Ra2+ 57. Kg1 a4 58. Kh1 Rf2 59. Rxa4 Rxf3 60.
Kg2 Rg3+ 61. Kh2 Rb3 62. Ra2 Kf7 63. Re2 Rb5 64. Kg2 Re5 65. Ra2 Re3 66. Ra7+
Ke6 67. Ra6+ Ke5 68. Ra5+ Ke4 69. Ra4+ Ke5 1/2-1/2

[Event "Ashkhabad-A"]
[Site "Ashkhabad"]
[Date "1996.??.??"]
[Round "1"]
[White "Kakageldyev, Amanmurad"]
[Black "Odeev, Handszar"]
[Result "1-0"]
[WhiteElo "2475"]
[BlackElo "2425"]
[Annotator "Ribli,Z"]
[PlyCount "119"]
[EventDate "1996.??.??"]
[EventType "tourn"]
[EventRounds "13"]
[EventCountry "TKM"]
[EventCategory "9"]
[SourceTitle "CBM 053"]
[Source "ChessBase"]
[SourceDate "1996.08.01"]
[SourceVersion "1"]
[SourceVersionDate "1996.08.01"]
[SourceQuality "1"]

1. d4 Nf6 2. Nf3 g6 3. g3 Bg7 4. Bg2 O-O 5. O-O c5 6. c4 cxd4 7. Nxd4 Nc6 8.
Nc3 Ng4 9. e3 d6 10. Nce2 Bd7 11. b3 Rb8 {Wenn Schwarz auf d4 tauschen will,
dann sollte er das jetzt tun.} 12. Bb2 Nxd4 (12... Qa5 $5) 13. Bxd4 $5 {
Weiss nutzt einen bedeutenden Unterschied in der Stellung, denn er kann sofort
den schwarzfeldrigen Laeufer tauschen und damit schon jetzt ein sehr wichtiges
Ziel erreichen.} (13. Nxd4 Qa5 14. h3 Ne5 15. Qe2 Rfc8 16. Rfd1 Nc6 17. Nb5
Bxb2 18. Qxb2 $14 {Topalov,V-Leko,P/Leon/1993/CBM36/INF60,(48)/}) 13... Qa5 14.
Bxg7 $1 Kxg7 15. Qd4+ Nf6 16. Nc3 {Droht /\ Sd5. Ohne den g7-Laeufer hat der
Anziehende bessere Angriffschancen, weil er die sehr wichtige grosse Diagonale
a1-h8 herrschen wird.} Kg8 17. a3 Rfc8 18. Rfc1 {Droht /\ b4} Qc5 19. Qd2 $1
Qb6 20. Bf1 Bc6 (20... Qxb3 $4 21. Rcb1 $18) 21. b4 Bf3 22. Qd4 $5 Nd7 $2 (
22... Qxd4 23. exd4 b6 24. a4 {Die weisse Stellung sieht wegen ihrer
Bauernmehrheit am Damenfluegel etwas guenstiger aus, aber ich meine, dass sein
Vorteil unbeduetend ist.}) 23. c5 $1 {Schwarz hat nur mit 23.Df4 Se5 gerechnet,
der Partiezug traf ihn wie ein Blitz aus heiterem Himmel.} Qc6 (23... dxc5 $4
24. Qxd7 $18) 24. cxd6 exd6 25. Ne2 $5 {Der Anzihende ist mit seinem
Positionsvorteil zufrieden und jetzt will er gar nichts riskieren, sondern
waehlt eine sichere Fortsetzung.} (25. Qxa7 Ne5 {Schwarz hofft, dass er
einiges Gegenspiel auf der langen Diagonale h1-c6 erreichen kann.}) 25... Qb6
26. Qxb6 Nxb6 27. Nd4 {/\ Nb5 >< d6  Natuerlich ist ganz klar, dass der
Anziehende einen bedeutenden Vorteil hat, weil der d6-Bauern sehr schwaech ist.
In dieser Stellung gibt es nur eine Frage: gewinnt Weiss oder endet die Partie
remis. Wenn der bessere Spieler eine solche Stellung bekommt, dann gewinnt er
meiner Meinung nach meistens (90%).} Bc6 28. Nxc6 bxc6 $2 (28... Rxc6 $5 $14 {
Bessere Überlebenschancen boten sich für Schwarz nach einem Turmtausch. Dann
hätte er mit größerer Hoffnung seinen schwachen Bauern verteidigen können.})
29. Rd1 $1 Rd8 30. Rac1 Rbc8 31. Ba6 Rc7 32. Rd2 $1 {Jetzt sehen wir schon
sehr genau, warum es ein Fehler von Schwarz war, beide Türme zu behalten. Denn
jetzt kann nur der Anziehende seine Türme auf der c-Linie verdoppeln und dann
wird er den c6-Bauern erfolgreich angreiffen.} Na4 (32... d5 33. Rdc2 Rd6 34.
Bb5 $18) 33. Rdc2 c5 34. Bb5 $1 Nb6 35. bxc5 dxc5 36. Rxc5 Rd1+ 37. Rxd1 Rxc5
38. Bf1 Rc3 39. Rd3 $1 Rc1 (39... Rxd3 40. Bxd3 Kf8 41. f4 Ke7 42. e4 Kd6 43.
Kf2 Kc5 44. Ke3 Nc4+ 45. Bxc4 Kxc4 46. g4 Kb3 (46... a5 47. f5 g5 48. e5 Kd5
49. e6 fxe6 50. f6 $1 Kd6 51. Ke4 a4 52. h3 h6 53. Kd4 e5+ 54. Ke4 Ke6 55. f7
Kxf7 56. Kxe5 Ke7 57. Kd5 Kf6 58. Kd6 Kf7 59. Kc5 Ke6 60. Kb4 Ke5 61. Kxa4 Kf4
62. Kb5 Kg3 63. a4 Kxh3 64. a5 Kxg4 65. a6 h5 66. a7 h4 67. a8=Q) 47. e5 Kxa3
48. f5 $18) 40. Kg2 Ra1 41. Rc3 Kg7 42. e4 Ra2 (42... Na4 43. Rc7 Rxa3 44. Rxa7
$18) 43. Bb5 $1 {Weiss will den schwarzen Springer lahmlegen.} Kf6 44. Kf3 Rb2
(44... Ke5 45. Ke3 $18 {/\ f4}) 45. Bd3 Ke6 46. Ke3 Kd6 47. Bc2 f5 $1 48. Kd2
$1 fxe4 49. Kc1 Rb5 50. Bxe4 Re5 51. f3 Ra5 52. Kc2 Nd7 {Endlich kommt der
schwarze Springer ins Spiel.} 53. Rc6+ Ke7 54. Kb3 Rh5 $1 (54... Nc5+ $2 55.
Kb4 $18) 55. h4 g5 $2 (55... Nc5+ $1 56. Kb4 Nxe4 57. fxe4 Re5 $16) 56. Bf5 $1
gxh4 57. g4 $1 Rg5 58. Rc7 Rxf5 59. gxf5 h3 60. Rc4 {Ribli} 1-0